Das Jahr 2001 - Statistiken

Allgemein
  • Dieses Quiz wurde 37 mal gespielt
  • Das Durchschnittsergebnis liegt bei 8 aus 20
Antwortstatistiken
Nachricht Antwort % Korrekt
11. September: Terroranschläge am 11. September 2001 in den USA auf das _____ _____ ______ und das Pentagon in den USA fordern rund 3000 Todesopfer. World Trade Center
94%
2. Januar: Die Bundeswehr beginnt mit der Grundausbildung von ______ an der Waffe. Frauen
89%
23. Oktober: Der iPod von _____ kommt auf den Markt. Apple
83%
18. März: Die Gewerkschaft ___.__ wird in Berlin gegründet. Ver.di
74%
11. Dezember: Die Volksrepublik _____ tritt der Welthandelsorganisation WTO bei. China
71%
22. November: Harry Potter und ___ _____ ___ ______ startet in den deutschen Kinos der Stein der Weisen
66%
5. August: Taliban schließen eine Shelter Now International Agentur in Afghanistan und nehmen 24 Mitarbeiter fest, da diese versucht hätten, Muslime zum ___________ zu missionieren. Christentum
60%
20.–22. Juli: In Genua findet der G8-Wirtschaftsgipfel statt. Er erlangt Bekanntheit aufgrund der Brutalität von Teilen der italienischen _______ und der Demonstranten. Polizei
54%
1. Juni: Blutbad in Nepal: König Birendra und fast die ganze Familie werden durch den ____ Birendras getötet, der sich anschließend selbst tötet. Sohn
54%
12. März: Die UNESCO bestätigt, dass Taliban die beiden größten aus dem 5. Jahrhundert n. Chr. stammenden Buddha-Statuen der Welt, die Buddha-Statuen von Bamiyan in ___________ zerstört haben. Afghanistan
49%
15. Januar: Das Englischsprachige _________ wird gegründet. Wikipedia
37%
15. Dezember: Nach über elf Jahre dauernden Arbeiten zur Bauwerksicherung wird der _______ ____ ___ ____ wieder für das Publikum zur Besteigung geöffnet Schiefe Turm von Pisa
29%
22. Dezember: Der Terrorist Richard Reid versucht, den American-Airlines-Flug 63 von Paris nach _____ mit 197 Menschen an Bord mit in seinen Schuhen verstecktem Plastiksprengstoff abstürzen zu lassen. Eine Flugbegleiterin bemerkt Reids Zündmanöver und verhindert das Attentat. Miami
11%
19. Dezember: In der ________ werden im Ort Tosentsengel 1.085,7 Hektopascal Luftdruck gemessen, der weltweit bislang höchste Wert. Mongolei
9%
2. Dezember: Volksabstimmung in der Schweiz über Abschaffung der _____ Armee
6%
7. Oktober: Als Reaktion auf die Anschläge vom 11. September beginnen die USA mit der Operation ________ _______. Enduring Freedom
6%
15. Juni: Die deutsche Bundes-Stiftung „Erinnerung, Verantwortung und Zukunft“ beginnt mit der Zahlung finanzieller Entschädigungen für ____________ in der Zeit des Nationalsozialismus. Zwangsarbeit
6%
14. Dezember: In Frankreich werden als erstem Land Euro-Starterkits im Nennwert von __,__ Euro zum Preis von 100 Französischen Franc ausgegeben. Bezahlen kann man mit den Münzen jedoch erst ab dem 1. Januar 2002. 15,25
3%
21. September: Durch eine Explosion in ________ werden bei einem Chemieunfall große Teile der Stadt beschädigt; 31 Menschen sterben, mehrere tausend werden verletzt. Toulouse
3%
24. Oktober: Brandkatastrophe im ____________-Tunnel Gotthardpass
0%
Keine übereinstimmenden Quizze gefunden
Verteilung der Resultate
Anzahl Personen mit jedem Resultat
Perzentil nach korrekt beantworteten Fragen
Ihre Resultats-Entwicklung
Sie haben dieses Quiz noch nicht gespielt